songs-Album (Adrianne Lenker) - Statistics

General Stats
  • This quiz has been taken 90 times
  • The average score is 8 of 11
Answer Stats
Hint Answer % Correct
3. anything
96%
9. not a lot, just forever
82%
6. half return
80%
8. zombie girl
78%
7. come
73%
4. forwards beckon rebound
69%
2. ingydar
64%
11. my angel
64%
10. dragon eyes
57%
1. two reverse
55%
5. heavy focus
43%
No matching quizzes found
Score Distribution
Percent of People with Each Score
Percentile by Number Answered
Your Score History
You have not taken this quiz